00561nam a2200169Ia 4500008004100000020001800041041000800059082001800067100001900085245005400104250000600158260003300164300001300197650003500210999001900245952012700264210716s2008 xx 000 0 und d a9788174466884 aeng a658.4038 GOPA aGopal, Arpita. aEngineering mis for strategic business processes. a1 aNew DelhibExcel Booksc2008 aviii,422 aManagement Information Systems c205458d205458 001040708MBAaAIMITbAIMITd2010-09-13g295.00l0o658.4038 GOPApMBA08024r2026-05-23 00:00:00v221.25w2021-07-16yBK